000
00306nam a22001337a 4500
003
SGT
020
_a
9788179101363
082
_a
428,BAN
100
_a
BANERJEE,A.K.
245
_a
MORDEN TEACHING OF ENGLISH
260
_a
JAIPUR
_b
AAVISHKAR PUBLISHERS DISTRIBUTORS
_c
2018
300
_a
248
942
_2
ddc
_c
BK
999
_c
34032
_d
34032